L'instinct combatíf psychologic education / (Record no. 36981)

MARC details
000 -LEADER
campo de control de longitud fija 00717nam a2200229 i 4500
001 - NÚMERO DE CONTROL
campo de control 36981
003 - IDENTIFICADOR DE NÚMERO DE CONTROL
campo de control ES-MaACL
005 - FECHA Y HORA DE LA ÚLTIMA TRANSACCIÓN
campo de control 20250929063106.0
007 - CAMPO FIJO DE DESCRIPCIÓN FÍSICA--INFORMACIÓN GENERAL
campo de control de longitud fija t|
008 - DATOS DE LONGITUD FIJA--INFORMACIÓN GENERAL
campo de control de longitud fija 030219s1917 sz ||||1| fre d
100 1# - ENTRADA PRINCIPAL--NOMBRE DE PERSONA
Nombre de persona Bovet, Pierre,
Fechas asociadas al nombre 1878-1965
9 (RLIN) 31126
245 12 - MENCIÓN DEL TÍTULO
Título L'instinct combatíf psychologic education /
Mención de responsabilidad, etc. Pierre Bovet.
260 ## - PUBLICACIÓN, DISTRIBUCIÓN, ETC.
Lugar de publicación, distribución, etc. Neuchatel etc. :
Nombre del editor, distribuidor, etc. Delachaux & Niestle,
Fecha de publicación, distribución, etc. [1917]
300 ## - DESCRIPCIÓN FÍSICA
Extensión 325 p. ;
Dimensiones 19 cm.
490 1# - MENCIÓN DE SERIE
Mención de serie Actualites pedagogiques
650 07 - PUNTO DE ACCESO ADICIONAL DE MATERIA--TÉRMINO DE MATERIA
Término de materia o nombre geográfico como elemento de entrada Psicología de la educación
Fuente del encabezamiento o término embne
9 (RLIN) 16558
650 04 - PUNTO DE ACCESO ADICIONAL DE MATERIA--TÉRMINO DE MATERIA
Término de materia o nombre geográfico como elemento de entrada Agresividad en niños.
9 (RLIN) 9669
830 0# - PUNTO DE ACCESO ADICIONAL DE SERIE-TÍTULO UNIFORME
Título uniforme Actualites pedagogiques
9 (RLIN) 229618
852 ## - LOCALIZACIÓN
Ubicación ES-MaACL
Número de control de estantería D-3664
852 ## - LOCALIZACIÓN
Ubicación ES-MaACL
Número de control de estantería F-4497
Holdings
Estatus retirado Estado de pérdida Estado de daño No para préstamo Biblioteca de origen Biblioteca actual Ubicación en estantería Fecha de adquisición Fuente de adquisición Total de préstamos Signatura topográfica completa Código de barras Visto por última vez Precio de reemplazo Tipo de ítem Koha
        Biblioteca del Ateneo de Madrid Biblioteca del Ateneo de Madrid Depósito 2 28/07/2016     F-4497 1195649 23/02/2023 23/02/2023 Libro impreso
        Biblioteca del Ateneo de Madrid Biblioteca del Ateneo de Madrid Sala Valle Inclán 17/01/2008     D-3664 901038903 23/02/2023 23/02/2023 Libro impreso